LIBRARY & INFORMATION CENTRE, KCAET, TAVANUR

ONLINE PUBLIC ACCESS CATALOGUE (OPAC)

Fits tolerances and engineering measurement / (Record no. 9366)

MARC details
000 -LEADER
fixed length control field 00424cam a2200157ua 4500
003 - CONTROL NUMBER IDENTIFIER
control field OSt
008 - FIXED-LENGTH DATA ELEMENTS--GENERAL INFORMATION
fixed length control field 250101b |||||||| |||| 00| 0 eng d
041 ## - LANGUAGE CODE
Language code of text/sound track or separate title eng
082 ## - DEWEY DECIMAL CLASSIFICATION NUMBER
Classification number 621.37
Item number TAR/FI
100 ## - MAIN ENTRY--AUTHOR NAME
Personal name Tarasevieh, .
245 ## - TITLE STATEMENT
Title Fits tolerances and engineering measurement /
260 ## - PUBLICATION, DISTRIBUTION, ETC. (IMPRINT)
Place of publication Moscow :
Name of publisher Foreign Language Publishing House ,
Year of publication 1992.
300 ## - PHYSICAL DESCRIPTION
Number of Pages 161 ; .
700 1# - ADDED ENTRY--PERSONAL NAME
Personal name Yavoish, E .
942 ## - ADDED ENTRY ELEMENTS (KOHA)
Koha item type Books
Holdings
Withdrawn status Lost status Damaged status Home library Current library Date acquired Full call number Accession Number Koha item type
      KAUAET KAUAET 07/04/2012 621.37 TAR/FI 3650 Books
free website counter